Word Ladder: On the Phone Quiz Stats

Quiz Updated Sep 18, 2015

Challenge
Share
Tweet
Embed
Score 0/34 Timer 03:00
2 Plays Today
Hint 4-Letter Word % Correct
Adjective that describes giraffes and most NBA playersTALL
97.9%
✆ A type of phone that you can carry around ✆CELL
96.9%
✆ The button you tap after entering a number ✆CALL
96.9%
✆ What you do when the person answers ✆TALK
95.7%
Where to skateRINK
93.9%
✆ Signal that someone is trying to reach your phone ✆RING
93.8%
Google's rivalBING
93.7%
An explosive soundBANG
92.7%
Prepare to travelPACK
92.6%
Mobile shelter used for campingTENT
92.1%
Start a fight; selectPICK
90.9%
Barbie, Cabbage Patch Kid, e.g.DOLL
90.2%
Course of action or small nail TACK
89.7%
✆ How you input a phone number ✆DIAL
88.8%
Cafe owner in 'Casablanca'RICK
88.8%
Flavoring for picklesDILL
88.5%
✆ What you insert into a pay phone ✆COIN
87.5%
Hint 4-Letter Word % Correct
✆ An alphanumeric phone message ✆TEXT
85.5%
Give out cardsDEAL
85.2%
✆ The form that the cord of a phone often takes ✆COIL
83.4%
Powdered beverage consumed in spaceTANG
83.4%
Relative of univ.COLL.
81.5%
Walking aid or winter holiday treatCANE
80.3%
First in lineNEXT
80.2%
Son in GenesisCAIN
78.5%
OrderlyNEAT
78.3%
Pianist, singer, and songwriter Vienna ___TENG
78%
Oscar winner Patricia for 'HUD'NEAL
74.8%
Real last name of actor William ConradCANN
66.8%
Get under controlTAME
39%
✆ With [Rung 34], an iPhone camera chat app ✆FACE
38.2%
✆ With [Rung 31], an iPhone camera chat app ✆TIME
38.1%
TempleFANE
33.4%
Plate in a suit of armor [variant spelling]TACE
30.6%

Today's Daily Dose

You're not logged in!

Compare scores with friends on all Sporcle quizzes.
Join for Free
OR
Log In

You Might Also Like...

Show Comments

Extras

Top Quizzes Today


Score Distribution

Your Account Isn't Verified!

In order to create a playlist on Sporcle, you need to verify the email address you used during registration. Go to your Sporcle Settings to finish the process.

Report this User

Report this user for behavior that violates our Community Guidelines.

Details: